Branná výchova v 9. ročníku ZDŠ výňatek z připravované příručky branné výchovy pro učitele ZDŠ

Bibliographic Details
Main Author: Horvát, Tibor (Author)
Format: Book
Language:Czech
PhysicalDescription:99, [1] s. 8°
Published: Praha Státní pedagogické nakladatelství 1974
Edition:2. české upravené vydání
Series:Edice metodických příruček
Subjects:

MARC

LEADER 00000cam a2200000 a 4500
001 vtls011786134
003 SK-MaSNL
005 20260301100250.0
008 210928i1974 xr 000 0 cze
040 |a SNK  |b slo  |c SNK  |e AACR2 
041 |a cze 
044 |a xr  |c CZ 
080 |a 372.835.5(075.2)  |2 1981 
245 0 0 |a Branná výchova v 9. ročníku ZDŠ  |b výňatek z připravované příručky branné výchovy pro učitele ZDŠ  |c připravil kolektiv ; vedoucí Tibor Horvát 
250 |a 2. české upravené vydání 
260 |a Praha  |b Státní pedagogické nakladatelství  |c 1974  |e Havlíčkův Brod  |f Východočeské tiskárny 
300 |a 99, [1] s.  |c 8° 
366 |e 7000 výtl. 
490 1 |a Edice metodických příruček 
650 0 7 |a branná výchova  |2 SNKPH  |9 71875 
650 0 7 |a základné školy  |2 SNKPH  |9 1280 
655 7 |a metodické príručky  |2 SNKPH  |9 70250 
700 1 |a Horvát, Tibor  |4 aut  |9 432821 
710 2 |a Výzkumný ústav pedagogický (Praha, Česko)  |4 pbl  |9 179827 
830 0 |a Edice metodických příruček  |9 320792 
852 |a Slovenská národná knižnica 
958 |a OND 
999 |c 685739  |d 687669 
952 |a SNK  |b SNK  |y VYP  |7 0  |p 17A1344516  |o snkSC 34815 D1  |i snkKSP 10529/74  |3 Rekatalogizácia  |0 0  |1 0  |4 0  |d 2018-10-18  |l 0  |r 2026-02-23 20:11:09  |w 2026-02-23